000 00468pab a2200181 454500
008 180718b2009 xxu||||| |||| 00| 0 eng d
100 _aGulati, Rachita
245 _aEfficiency-profitability relationship in Indian domestic banks: a disaggregate analysis
260 _c2009
300 _ap.411-33.
362 _aDec
650 _aBanks - India
650 _aBanks
700 _aSunil Kumar
773 _aAsian Economic Review
908 _aN
909 _a86087
999 _c86087
_d86087